00759cam a22002052 4500001001100000005001700011008004100028020001700069040001500086050002100101245010900122250001200231260003400243300008400277504005100361650004800412700002900460700003200489700003200521000000489520151217151944.0070531s xx 000 0 eng d a0767423704 : aKABUcKABU 0aRA776b.C67 200210aCore concepts in health /c[editors] Paul M. Inset, Walton T. Roth; Kirstan Price, developmental editor. a9th ed. aBoston :bMcGraw-Hill,c2002. axxix, 698, [39] p. :bcol, ill. ;c28 cm +e1 computer optical disc (4 3/4 in.) aIncludes bibliographical references and index. 0aHealthvHandbooks, manuals etc.@00001558171 aInset, Paul.@00001558181 aRoth, Walton T.@00001502281 aPrice, Kirsten.@0000155819